| 000 | 00613 a2200181 4500 | ||
|---|---|---|---|
| 003 | Nust | ||
| 005 | 20170207153204.0 | ||
| 040 | _cNust | ||
| 082 | _a005.1 | ||
| 100 | _aKhan, Muhammad Abdul Qayyum (MSCS-1) | ||
| 245 |
_aAn integrated environment for unix system management using X windows _cMuhammad Abdul Qayyum Khan |
||
| 260 |
_bMCS _c1996 _aRwp. |
||
| 300 | _a82 p. | ||
| 505 | _aIntroduction (page-1), System administration (page-7), X window system (page-24), Design and implementation (page-37), Conclusions (page-69). | ||
| 538 | _aAlmirah No 73 Shelf No 1 | ||
| 650 | _aMSCS Thesis | ||
| 651 | _aMSCS-1 | ||
| 942 | _cTHS | ||
| 999 |
_c181100 _d181100 |
||